Al Maktoum International Airport Destinations (Dubai, UAE) - Statistics

General Stats
  • This quiz has been taken 53 times
    18 since last reset
  • The average score is 13 of 37
Answer Stats
Airline Destination % Correct
S7 Airlines/Ural Airlines Moscow (Domodedovo)
100%
Pobeda/Utair Moscow (Vnukovo)
100%
Norwegian Air Shuttle Oslo
83%
flyadeal Riyadh
75%
Eurowings/Smartlynx Airlines Berlin
67%
Luxair Luxembourg
67%
Smartwings Prague
67%
Rossiya Airlines Saint Petersburg
67%
Norwegian Air Shuttle Copenhagen
58%
Norwegian Air Shuttle Stockholm (Arlanda)
58%
Yemenia Aden
50%
Ural Airlines Yekaterinburg
50%
S7 Airlines Novosibirsk
42%
azimuth/Red Wings Airlines/Rossiya Airlines/Ural Airlines Sochi
42%
FlyOne Chișinău
33%
Utair Ufa
33%
Enter Air Warsaw (Chopin)
33%
Fly Cham Aleppo
25%
Animawings Bucharest (Otopeni)
25%
Eurowings Cologne/Bonn
25%
Utair Grozny
25%
Enter Air Poznań
25%
Enter Air Katowice
17%
BeOnd Malé
17%
azimuth Mineralnye Vody
17%
Utair Tyumen
17%
Hunnu Air Ulaanbaatar
17%
BeOnd Zürich
17%
Berniq Airways Benghazi
8%
Eurowings Hannover
8%
Aeroflot/azimuth Krasnodar
8%
FlyErbil Latakia
8%
Pobeda Makhachkala
8%
Yemenia Mukalla
8%
Animawings Timișoara
8%
Smartlynx Airlines Leipzig/Halle
0%
Utair Surgut
0%
No matching quizzes found
Score Distribution
Percent of People with Each Score
Percentile by Number Answered
Your Score History
You have not taken this quiz since the last reset